Đang tải...

Nursery technology for agroforestry: applications in arid and semiarid regions

Chi tiết về thư mục
Những tác giả chính: PK Khosla, Sunil Puri
Định dạng: Printed Book
Ngôn ngữ:Undetermined
Được phát hành: New Delhi Oxford & IBH publishing Co.PVT.LTD. 1993
Những chủ đề:
LEADER 00813nam a2200253Ia 4500
008 141004s9999 xx 000 0 und d
020 |a 8120407156 
040 |c a 
041 |a English 
082 |a 634.956 
082 |b SUN/NU 
100 |a PK Khosla 
100 |a Sunil Puri 
245 |a Nursery technology for agroforestry: applications in arid and semiarid regions 
245 |c Sunil Puri 
260 |a New Delhi 
260 |b Oxford & IBH publishing Co.PVT.LTD. 
260 |c 1993 
300 |a 390p  
300 |b 23.5cm 
650 |a Plant production system 
942 |c BK 
999 |c 171824  |d 171824 
952 |0 0  |1 0  |2 ddc  |4 0  |6 634_956400000000000_SUN_NU  |7 0  |8 AGR  |9 177020  |a KAUCOF  |b KAUCOF  |d 2040-05-01  |o 634.9564 SUN/NU  |p KAU_COF-1910  |r 2014-10-04  |w 2014-10-04  |y BK